A psicologia contemporânea (Registo nº 2462)

Detalhes MARC
000 -Etiqueta do registo
Valores 00598nam a22001931i 4500
090 ## -
-- 2462
100 ## - Dados gerais de processamento
Dados gerais 20170304u u u0frey50 ba
101 0# - Língua de publicação
-- por
200 1# - Titulo e menção de responsabilidade
Primeira menção de responsabilidade F. L. Mueller
Título próprio A psicologia contemporânea
215 ## - Descrição física 
Paginação / Volumes 238, [6] p.
Dimensões 18 cm
210 ## - Publicação
Nome do editor Europa-América
Local de publicação Mem Martins
Data de publicação 1976
225 2# - Colecção 
Título próprio da colecção Saber
Indicação de volume 58
300 ## - Notas gerais 
Texto da nota Exemplar nÇ 0002669 em depósito / caixa 374
410 #0 -
-- Saber
701 #1 - Co-autor principal (pessoa individual)
Apelido Rodo
Nome Maria Angelina Conde
-- 730
700 #1 - Autor principal (pessoa individual)
Apelido Mueller
Nome F. L.
-- 070
996 ## - ISO2709
-- 0002669
-- MUE
-- 00000000
-- 00000000
-- BMVA
-- 1
-- Depósito
-- Psicologia
-- 25
-- Livro
-- 0
-- 1
990 ## - Elementos KOHA
Tipo de documento Livro
995 ## - Localização e informação dos exemplares
-- 25
Exemplares
Situação do levantamento Estado Biblioteca de origem Biblioteca de empréstimo Localização na Estante Código de barras Cota Permissão de empréstimo Tipo de documento
  Completo Biblioteca Municipal de Viana Do Alentejo Biblioteca Municipal de Viana Do Alentejo   0003003 MUE Disponível Livro




Powered by Koha